|
|
|
|
| LEADER |
01183nam a2200265 a 4500 |
| 001 |
3381741 |
| 008 |
091124s1988 nyua b 001 0 eng d |
| 010 |
|
|
|a 88005176
|
| 020 |
|
|
|a 0195206568
|
| 020 |
|
|
|a 0195207092 (pbk.)
|
| 040 |
|
|
|a DLC
|c DLC
|d DLC
|
| 082 |
0 |
0 |
|a 338.9/0091724
|2 19
|
| 245 |
0 |
4 |
|a The Open economy :
|b tools for policymakers in developing countries /
|c edited by Rudiger Dornbusch and F. Leslie C.H. Helmers.
|
| 260 |
|
|
|a New York :
|b Published for the World Bank, Oxford University Press,
|c c1988.
|
| 300 |
|
|
|a x, 414 p. :
|b ill. ;
|c 25 cm.
|
| 490 |
0 |
|
|a EDI series in economic development
|
| 504 |
|
|
|a Includes bibliographies and index.
|
| 541 |
1 |
|
|e 00003289
|
| 651 |
|
0 |
|a Developing countries
|x Economic policy
|x Case studies.
|
| 700 |
1 |
|
|a Dornbusch, Rudiger.
|
| 700 |
1 |
|
|a Helmers, F. L. C. H.
|q (Frederik Leslie Cornelis Hazlewood),
|d 1929-
|
| 710 |
2 |
|
|a World Bank.
|
| 852 |
4 |
|
|a Ayesha Abed Library
|j General Shelf
|
| 999 |
|
|
|c 5955
|d 5955
|
| 952 |
|
|
|0 0
|1 0
|2 ddc
|4 0
|6 338_900917240000000_OPE_1988
|7 0
|9 5940
|a BRACUL
|b BRACUL
|c GEN
|d 2009-12-06
|g 0.00
|l 1
|m 20
|o 338.90091724 OPE
|p 3010003289
|r 2015-05-18
|s 2014-11-18
|t 1
|w 2009-12-06
|y BK
|x No price found in the accession register.
|